Боевая характеристика боевого знамени Военного Совета 3-й ударной армии, водруженного над рейхстагом

RUSMARC
00004460cbm0a2200301#x 450
001b15de492-3091-4a78-b816-31c29f0e947d
00520250506150257.0
100##$a20250506j19450301k###0rusy50 ca
1010#$arus
102##$aRU
105##$ay###z########
1222#$ad19450301##
$ad19450509##
2001#$aБоевая характеристика боевого знамени Военного Совета 3-й ударной армии, водруженного над рейхстагом
$j[1 марта - 9 мая 1945 г.]
251##$cДокумент
300##$aКопия
461#0$12001
$aФ. М-7
$1251
$cФонд
$1852
$jМ-7
462#0$12001
$aОп. 1
$1251
$cОпись
$1852
$j1
462#0$12001
$aД. 532
$vЛ. 1-3
$1251
$cДело
$1852
$j532
605##$2prlib_sh
$3LIBNET\UAF\0000088514
$aВторая мировая война в архивных документах (Комплекс оцифрованных архивных документов, кино- и фотоматериалов)
$lколлекция
605##$2acquisition_Prlib
$3DITM\AF\0000002775
$aВласть
$lколлекция
605##$2acquisition_Prlib
$3DITM\AF\0000003834
$aНарод
$lколлекция
6061#$2nlr_sh1
$3RU\NLR\AUTH\66216645
$aЗнамя Победы над фашистской Германией
$jДокументы и материалы
686##$a63.3(2)622,13ю1
$vLBC/M
$2rubbk
801#0$aRU
$bПБ им. Б.Н. Ельцина
$c20250506
801#1$aRU
$bПБ им. Б.Н. Ельцина
$c20250506
$2rusmarc
801#2$aRU
$bПБ им. Б.Н. Ельцина
$c20250506
$2rusmarc
850##$aРоссийский государственный архив социально-политической истории
852##$aРГАСПИ
$jЛ. 1-3
035##$aLIBNET\0001471945
937##$d196714097
$hФедеральное архивное агентство
8564#$uhttp://readingroom.main.prlib.ru/item.aspx?id_node=n196714097&mode=full
Формат отображения